000 00434cam a2200193ua 4500
001 2794
005 20260515113556.0
008 110908n ii |||gr||||Z||||||asm
040 _cMAIN
082 _a891.4512
100 1 _eAuthor.
245 1 1 _aPiyoli Phukan
_cby
250 _a2nd.
260 _aGuahati:
_bLawyers book stall,979.
300 _a95p:
_c23cm.
653 _aAssamese drama
653 _aPiyoli Phukan
942 _cBK
999 _c2641
_d2641